DEVELOPMENT OF SUITABLE METHODS FOR FISH CULTURE IN THE SWAMPS ; (Record no. 79905)
[ view plain ]
| 000 -LEADER | |
|---|---|
| fixed length control field | 00970nam a2200253 a 4500 |
| 001 - CONTROL NUMBER | |
| RUCL Control Number | 79905 |
| 003 - CONTROL NUMBER IDENTIFIER | |
| rucl marc code | BD-RjUL |
| 005 - DATE AND TIME OF LATEST TRANSACTION | |
| control field | 20230205125417.0 |
| 008 - FIXED-LENGTH DATA ELEMENTS--GENERAL INFORMATION | |
| fixed length control field | 220602s2002 bg a|||| m||| 00| 0 eng d |
| 035 ## - SYSTEM CONTROL NUMBER | |
| system control number | (BD-RjUL)79905 |
| 040 ## - CATALOGING SOURCE | |
| Original cataloging agency | BD-RjUL |
| Language of cataloging | eng |
| Transcribing agency | BD-RjUL |
| Modifying agency | BD-RjUL |
| 041 ## - LANGUAGE CODE | |
| Language code of Book | eng |
| 082 ## - DEWEY DECIMAL CLASSIFICATION NUMBER | |
| DDC Edition number | 23 |
| Classification number | 639.31 |
| Author mark and Year | HUD 2002 |
| 100 ## - MAIN ENTRY--PERSONAL NAME | |
| Personal name | Hussain, Muhammad Afzal |
| 9 (RLIN) | 3398 |
| 245 10 - TITLE STATEMENT | |
| Title | DEVELOPMENT OF SUITABLE METHODS FOR FISH CULTURE IN THE SWAMPS ; |
| Statement of responsibility, etc | Muhammad Afzal Hussain |
| Name of Supervisor/Co-Supervisor | Supervisor - 1 : Selina Parween, Supervisor - 2 : M. Altaf Hossain |
| 260 ## - PUBLICATION, DISTRIBUTION, ETC. (IMPRINT) | |
| Place of publication, distribution, etc | Rajshahi: |
| Name of publisher, distributor, etc | Department Of Zoology, University of Rajshahi |
| Date of publication, distribution, etc | 2002 |
| 300 ## - PHYSICAL DESCRIPTION | |
| Pagination | xi, 153 leaves : |
| Other physical details | ill. ; |
| Dimensions | 29 cm. |
| 502 ## - DISSERTATION NOTE | |
| Dissertation note | Thesis (Ph. D.) -- Department Of Zoology, University of Rajshahi,2002 |
| 504 ## - BIBLIOGRAPHY, ETC. NOTE | |
| Bibliography, etc | References: Leaves 126-136 |
| 650 ## - SUBJECT ADDED ENTRY--TOPICAL TERM | |
| Topical term or geographic name as entry element | Fish Culture |
| General subdivision | Fresh Water |
| 9 (RLIN) | 3399 |
| 700 ## - ADDED ENTRY--SUPERVISOR/CO-SUPERVISOR NAME | |
| Personal name | Parween, Selina, Supervisor - 1 |
| 9 (RLIN) | 3400 |
| Personal name | Hossain, M. Altaf, Supervisor - 2 |
| 9 (RLIN) | 3401 |
| 942 ## - ADDED ENTRY ELEMENTS (KOHA) | |
| Source of classification or shelving scheme | Dewey Decimal Classification |
| Koha item type | Theses |
| Source of classification or shelving scheme | Damaged status | Not for loan | Collection code | Permanent Location | Current Location | Shelving location | Date of accession | Source of acquisition | Total Checkouts | Full call number | Barcode | Date last seen | Copy number | Thesis |
|---|---|---|---|---|---|---|---|---|---|---|---|---|---|---|
| Dewey Decimal Classification | Not For Loan | Theses | Central Library, University of Rajshahi | Central Library, University of Rajshahi | Documentation Section | 23/09/2002 | Controller of Exam. R.U. | THE 639.31 HUD 2002 | D2091 | 02/06/2022 | C-1 | Theses |